3D Modeling Indonesia Ring Jewelry Ornament Using Iterative Function System
En el intento por lograr una mayor versatilidad en los diseǫs de joyas de oro producidas en el Sureste de Sulawesi, Indonesia, los autores de este artc̕ulo proponen el uso de herramientas como el modelamiento 3D para la creacin̤ de diseǫs n͠icos a travš del Sistema de Funcin̤ Iterativa (IFS). Es...
Saved in:
| Andre forfattere: | , , , |
|---|---|
| Format: | Bog |
| Sprog: | engelsk |
| Fag: | |
| Online adgang: | 3D Modeling Indonesia Ring Jewelry Ornament Using Iterative Function System |
| Tags: |
Tilføj Tag
Ingen Tags, Vær først til at tagge denne postø!
|
MARC
| LEADER | 00000nam a22000004a 4500 | ||
|---|---|---|---|
| 001 | vpro14729 | ||
| 005 | 20201223000000.0 | ||
| 008 | 190601s2019 ck # g## #001 0#eng#d | ||
| 020 | |a 2319-7064 | ||
| 022 | |||
| 040 | |a CO-BoINGC | ||
| 041 | 0 | |a eng | |
| 245 | 1 | 0 | |a 3D Modeling Indonesia Ring Jewelry Ornament Using Iterative Function System |
| 246 | |a Modelamiento 3D de diseǫs de joyera̕ de Indonesia con un sistema de funcin̤ iterativa | ||
| 264 | |a Bogot ̀(Colombia) : |b Revista VirtualPRO, |c 2019 | ||
| 520 | 3 | |a En el intento por lograr una mayor versatilidad en los diseǫs de joyas de oro producidas en el Sureste de Sulawesi, Indonesia, los autores de este artc̕ulo proponen el uso de herramientas como el modelamiento 3D para la creacin̤ de diseǫs n͠icos a travš del Sistema de Funcin̤ Iterativa (IFS). Este sistema es un mťodo de construccin̤ fractal, el cual consiste en una imagen con propiedades de auto semejanza, generadas por algoritmos iterativos cuya estructura funciona como herramienta para describir el efecto visual de uno o ms̀ objetos. | |
| 650 | \ | \ | |a Orfebrera̕ |
| 650 | \ | \ | |a Joyera̕ |
| 650 | \ | \ | |a Joyas de oro |
| 650 | \ | \ | |a Joyas |
| 650 | \ | \ | |a Imagen tridimensional en diseǫ |
| 650 | \ | \ | |a Goldwork |
| 650 | \ | \ | |a Jewelry making |
| 650 | \ | \ | |a Gold jewerly |
| 650 | \ | \ | |a Jewerly |
| 650 | \ | \ | |a Design imaging |
| 650 | \ | \ | |a Joyera̕ |
| 650 | \ | \ | |a Oro |
| 650 | \ | \ | |a Metales preciosos |
| 650 | \ | \ | |a Manufactura de joyas |
| 650 | \ | \ | |a Orfebrera̕ |
| 650 | \ | \ | |a Modelado |
| 650 | \ | \ | |a IFS |
| 650 | \ | \ | |a 3D |
| 650 | \ | \ | |a Fractal |
| 650 | \ | \ | |a Jewelry |
| 650 | \ | \ | |a Gold |
| 650 | \ | \ | |a Precious metals |
| 650 | \ | \ | |a Jewelry manufacturing |
| 650 | \ | \ | |a Goldsmith |
| 650 | \ | \ | |a Modeling |
| 650 | \ | \ | |a IFS |
| 650 | \ | \ | |a 3D |
| 650 | \ | \ | |a Fractal |
| 700 | \ | \ | |a Suyoto Suyoto |
| 700 | \ | \ | |a Suselo Thomas |
| 700 | \ | \ | |a Dwiandiyanta Yudi |
| 700 | \ | \ | |a International Journal of Science and Research (IJSR) |
| 856 | |z 3D Modeling Indonesia Ring Jewelry Ornament Using Iterative Function System |u https://virtualpro.unach.elogim.com/biblioteca/modelamiento-3d-de-disenos-de-joyeria-de-indonesia-con-un-sistema-de-funcion-iterativa | ||